[Event "GCT Saint Louis Blitz 2019"]
[Site "Saint Louis"]
[Date "2019.08.14"]
[Round "15"]
[White "Carlsen, Magnus"]
[Black "Yu, Yangyi"]
[Result "0-1"]
[WhiteElo "2882"]
[BlackElo "2752"]
[Annotator "TA"]
[PlyCount "50"]
[EventDate "2019.08.13"]
[EventType "tourn"]
[EventCountry "USA"]
[SourceTitle "playchess.com"]
[Source "ChessBase"]
[SourceQuality "1"]

{[%evp 9,50,-72,-61,-59,-60,-64,-13,-13,-4,-44,0,-28,9,21,39,0,-22,-67,-73,-84,-64,-83,-77,-91,-112,-216,-242,-247,-233,-261,-269,-303,-283,-696,-687,-693,-684,-665,-300,-1363,-1033,-1478,-1453]} 1. e4 e5 2. Nf3 Nf6 3. Nxe5 d6 4. Nxf7 Kxf7 5. d4 c5 {Threatens to win with ...cxd4.} 6. Nc3 {C42: Petroff Defence: 3 Nxe5 and unusual White 3rd moves} cxd4 7. Bc4+ Ke8 $146 (7... d5 $1 $15 8. Nxd5 Be6) ({Predecessor:} 7... Be6 8. Bxe6+ Kxe6 9. Qxd4 Kf7 10. Bf4 Qc8 11. Bxd6 Bxd6 12. Qxd6 Rd8 13. Qg3 Nc6 {0-1 (53) Sulskis,S (2535)-Erenburg,S (2595) Port Erin 2005}) 8. Qxd4 $11 {The position is equal.} Nc6 9. Qe3 Qb6 10. Qg3 Nd4 11. O-O Be6 12. Bxe6 (12. Bd3 $14) 12... Nxe6 13. Nd5 Qc6 14. Nxf6+ gxf6 15. Qg4 Ke7 16. Bd2 h5 17. Qg6 {[#]} (17. Qf5 $17) 17... Bh6 $1 $19 {[%cal Rh6d2][%mdl 512]} 18. Bc3 (18. Bxh6 Rag8) 18... Raf8 19. Rfe1 Bf4 20. Rad1 Be5 21. Re3 $2 (21. h4) 21... Rfg8 22. Qf5 Nf4 {[%cal Be6f4,Bf4g2,Bg2e3][%mdl 32]} 23. Bxe5 dxe5 (23... Rxg2+ $142 24. Kh1 fxe5) 24. h4 $2 (24. Kh1 Rg5 25. Rc3 Rxf5 26. Rxc6 bxc6 27. exf5) 24... Nxg2 25. Rg3 {[#]} Ne3 $1 {[%mdl 512] Accuracy: White = 32%, Black = 62%.} 0-1

[Event "GCT Saint Louis Blitz 2019"]
[Site "Saint Louis"]
[Date "2019.08.14"]
[Round "15"]
[White "Vachier-Lagrave, Maxime"]
[Black "Caruana, Fabiano"]
[Result "0-1"]
[WhiteElo "2778"]
[BlackElo "2818"]
[Annotator "TA"]
[PlyCount "124"]
[EventDate "2019.08.13"]
[EventType "tourn"]
[EventCountry "USA"]
[SourceTitle "playchess.com"]
[Source "ChessBase"]
[SourceQuality "1"]

{[%evp 12,134,31,9,33,22,33,20,34,9,50,38,33,20,82,86,94,98,87,90,118,120,121,110,144,119,119,112,118,123,143,121,127,113,140,133,139,141,138,98,83,105,97,109,100,91,100,85,66,55,63,60,80,79,79,4,3,3,0,10,10,0,0,0,0,0,0,0,0,0,47,45,37,41,45,8,70,0,0,0,0,0,0,-59,-59,-59,-59,-175,-27,-44,-44,-1169,-1084,-29951,-29954,-29954,-29951,-29955,-29959,-29957,-29962,-29959,-29961,-29965,-29969,-29965,-29965,-29980,-29968,-29963,-29968,-29967,-29967,-29966,-29966,-29967,-29949,-29969,-29971,-29968,-12843,-29978,-29974,-29977,-29976]} 1. e4 c5 2. Nf3 Nc6 3. c3 Nf6 4. e5 Nd5 5. Bc4 Nb6 6. Bb3 d5 7. exd6 e6 $146 {B22: Sicilian: 2 c3} (7... c4 {with more complications.} 8. Bc2 e5 9. O-O Be6 10. d3 cxd3 11. Qxd3 Qxd6 12. Qxd6 Bxd6 13. Ng5 Bd5) (7... Qxd6 8. Na3 a6 9. O-O Bf5 10. d4 cxd4 11. Nxd4 Nxd4 12. cxd4 e6 13. Qf3 Qd7 14. Qg3 Bg6 15. Bf4 Bxa3 16. bxa3 O-O 17. Rac1 Rac8 18. h4 Nd5 19. Bd6 Nc3 20. Rce1 {0-1 (38) Mamedov,R (2699)-Navara,D (2740) Porto Carras 2018}) 8. d4 Bxd6 9. O-O O-O {The position is equal.} 10. Bg5 Qc7 11. dxc5 Bxc5 12. Nbd2 $36 {[%cal Bb1d2,Bd2e4,Be4d6][%mdl 2080] White is pushing.} e5 (12... Be7 $11) 13. Ne4 $16 Be7 14. Bxe7 Qxe7 15. Qd6 Qxd6 16. Nxd6 a5 17. a4 Nd7 18. Rfe1 Nc5 19. Bc4 Be6 20. Nxe5 Bxc4 21. Ndxc4 Rfd8 22. Kf1 h5 23. Nb6 Ra6 24. Nec4 g6 25. Rad1 Rxd1 26. Rxd1 Ne5 27. Nxe5 Rxb6 {[%mdl 4096] Endgame KRN-KRN} 28. Nc4 Ra6 29. Ra1 h4 30. h3 Kg7 31. Ke2 Re6+ 32. Kd1 $1 b6 {[#]} 33. f3 (33. b4 $1 $16 {[%cal Rb4c5]} Nd3 34. Kd2 Nxf2 35. bxa5 Ne4+ 36. Kd3 Nc5+ 37. Kd4 Nb3+ {[%mdl 64] Double Attack} 38. Kd5 Nxa5 39. Nxa5 bxa5 40. Ra2) 33... Kf6 $11 34. b4 axb4 35. cxb4 Nd3 36. Kd2 Nxb4 37. Rb1 Nd5 38. Rb5 Rc6 39. Kd3 Nf4+ $1 40. Kd4 Ne6+ 41. Kd5 Rc7 42. Nxb6 Rc2 43. Kd6 Rxg2 (43... Rd2+ $11 44. Nd5+ Kg7) 44. Nd5+ ({White should try} 44. Rb4 $1 $14) 44... Kg7 45. a5 Ra2 46. Nb4 Ra4 47. a6 (47. Nd3 $11) 47... Nf4 $15 48. Rb7 Nxh3 {Threatens to win with ...Ng5.} 49. a7 {[#]} ({Better is} 49. Kc6 $15) 49... Nf2 (49... Ng1 $1 $19 {aiming for ...Ra1.} 50. Kc7 h3) 50. Nc6 h3 {Strongly threatening ...h2.} 51. Ne5 $2 {[%mdl 8192]} (51. Rb4 $15 Rxa7 52. Nxa7) 51... h2 $19 52. Rxf7+ Kg8 53. Rb7 h1=Q 54. Rb8+ Kg7 55. a8=Q Rxa8 56. Rxa8 Qd1+ 57. Ke6 Qb3+ 58. Kd6 Qb4+ 59. Kc7 Qe7+ 60. Nd7 Nd3 61. Ra5 Nf4 62. Re5 Ne6+ {Played: Qe7-f7} 0-1

[Event "GCT Saint Louis Blitz 2019"]
[Site "Saint Louis"]
[Date "2019.08.14"]
[Round "15"]
[White "Aronian, Levon"]
[Black "Dominguez Perez, Leinier"]
[Result "1/2-1/2"]
[WhiteElo "2765"]
[BlackElo "2763"]
[Annotator "TA"]
[PlyCount "59"]
[EventDate "2019.08.13"]
[EventType "tourn"]
[EventCountry "USA"]
[SourceTitle "playchess.com"]
[Source "ChessBase"]
[SourceQuality "1"]

{[%evp 16,59,12,13,10,12,14,0,5,8,8,6,3,4,14,14,12,16,13,10,8,9,8,8,8,6,16,7,8,7,8,8,5,8,7,6,0,0,0,0,0,0,-6,-2,0,0]} 1. c4 e6 2. g3 d5 $146 ({Predecessor:} 2... Nf6 3. Bg2 {½-½ (39) Aronian,L (2794)-Hou,Y (2654) Karlsruhe/Baden-Baden 2018}) 3. Bg2 Nf6 4. Nf3 Be7 5. O-O O-O 6. d4 dxc4 7. Qc2 a6 8. a4 c5 9. dxc5 {The position is equal.} Bxc5 {E05: Open Catalan: 5 Nf3 Be7} 10. Qxc4 b6 11. Ne5 Ra7 $1 12. Nd3 Be7 13. Bf4 Bb7 14. Bxb7 Rxb7 15. Rc1 Nd5 16. Bxb8 {[#] aiming for Be5.} b5 17. axb5 axb5 18. Qb3 {And now Be5 would win.} Qxb8 19. Nd2 {[%cal Bb1d2,Bd2f3,Bf3e5][%mdl 32]} Rc8 20. Nf3 g6 21. Rxc8+ Qxc8 22. Rc1 Rc7 23. Rxc7 Nxc7 24. Qc3 Qb7 25. Nfe5 {Hoping for Ng4.} Ne8 26. Nc6 Bf8 27. Nde5 Qc7 28. Qa5 Qxa5 29. Nxa5 Bg7 30. Nac6 {Accuracy: White = 88%, Black = 98%.} 1/2-1/2

[Event "GCT Saint Louis Blitz 2019"]
[Site "Saint Louis"]
[Date "2019.08.14"]
[Round "15"]
[White "Mamedyarov, Shakhriyar"]
[Black "Rapport, Richard"]
[Result "1-0"]
[WhiteElo "2764"]
[BlackElo "2747"]
[Annotator "TA"]
[PlyCount "67"]
[EventDate "2019.08.13"]
[EventType "tourn"]
[EventCountry "USA"]
[SourceTitle "playchess.com"]
[Source "ChessBase"]
[SourceQuality "1"]

{[%evp 15,67,29,20,18,25,25,18,33,42,52,37,34,35,40,47,52,33,37,42,36,45,23,28,25,22,15,20,22,27,22,18,16,34,51,66,11,423,424,485,485,485,483,472,462,554,556,547,550,630,629,583,575,29961,29962]} 1. Nf3 Nf6 2. d4 e6 3. g3 b6 4. Bg2 Bb7 5. O-O Be7 6. c4 O-O 7. d5 Na6 8. Nc3 Bb4 9. Bd2 {E17: Queen's Indian: 4 g3 Bb7 5 Bg2 Be7} Re8 (9... Nc5 10. Nh4 Re8 11. a3 Bxc3 12. Bxc3 exd5 13. cxd5 Nce4 14. Bd4 c5 15. dxc6 dxc6 16. f3 c5 17. Bxf6 Nxf6 {0-1 (60) Nakamura,H (2787)-Carlsen,M (2853) chess.com INT 2016}) 10. dxe6 $146 ({Predecessor:} 10. Nh4 Nc5 11. Rc1 Bxc3 12. Bxc3 a5 13. Bd4 Nfe4 14. f3 Nd6 15. e4 g5 16. f4 Ncxe4 17. fxg5 Qxg5 {½-½ (26) Romanishin,O (2499)-Glantz,R (2310) Berlin 2013}) 10... dxe6 11. Qc2 {The position is equal.} Nc5 12. Rad1 Qe7 13. a3 {[%cal Ba2a3,Ba3b4][%mdl 32]} Bxc3 14. Bxc3 Be4 15. Qc1 a5 16. b4 axb4 17. axb4 Ncd7 18. Qf4 {aiming for Rxd7!} Ra3 19. Bxf6 Nxf6 20. Ne5 $36 {[%mdl 2048] Black is under pressure.} Bxg2 21. Kxg2 {Threatens to win with Nc6.} Qxb4 {[#]} 22. Rd7 $1 {[%mdl 512]} Rf8 (22... Nxd7 23. Qxf7+) 23. Nc6 Qa4 24. Rxc7 Ra2 25. e4 (25. Qe3 $14) 25... Qc2 $2 {[%mdl 8192]} (25... h6 $11 {and Black has nothing to worry.}) 26. Nb4 $18 {[%mdl 64] [#] Double Attack} e5 27. Qf5 ({Inferior is} 27. Nxc2 exf4 28. Nb4 Rd2 $11) 27... Qa4 28. Nxa2 Qxa2 29. Rc8 {Hoping for Rd1.} Qa6 30. Rxf8+ Kxf8 31. Qxe5 {Strongly threatening Qd6+.} Qxc4 32. Qd6+ {[%mdl 64] Double Attack} Ke8 33. Rd1 {[%csl Gd1][%cal Rd6d8]} Qxe4+ 34. Kg1 {Accuracy: White = 75%, Black = 25%.} 1-0

[Event "GCT Saint Louis Blitz 2019"]
[Site "Saint Louis"]
[Date "2019.08.14"]
[Round "15"]
[White "Karjakin, Sergey"]
[Black "Ding, Liren"]
[Result "0-1"]
[WhiteElo "2750"]
[BlackElo "2805"]
[Annotator "TA"]
[PlyCount "94"]
[EventDate "2019.08.13"]
[EventType "tourn"]
[EventCountry "USA"]
[SourceTitle "playchess.com"]
[Source "ChessBase"]
[SourceQuality "1"]

{[%evp 11,94,-10,-4,-11,-9,-12,-10,-11,-17,-15,-12,-10,-8,-15,-13,-18,-19,-13,-6,-15,-14,-23,-22,-25,-33,-22,-16,-151,-150,-172,-24,-24,-23,-94,-90,-104,-97,-89,-40,-33,-37,-51,-17,-33,-6,-22,-22,-47,-54,-54,-50,-52,-54,-69,-41,-41,-41,-44,-41,-47,-8,-8,-8,-134,-134,-417,-408,-492,-485,-463,-448,-29962,-29960,-29962,-29963,-29966,-29967,-29967,-29967,-29970,-29970,-29967,-29968,-29958,-11025]} 1. Nf3 d5 2. d4 Nf6 3. e3 c5 4. dxc5 e6 5. c4 Bxc5 6. a3 O-O 7. Nc3 {D30: Queen's Gambit Declined: Systems without Nc3} dxc4 8. Qxd8 (8. Bxc4 Qxd1+ 9. Kxd1 a6 10. b4 Be7 11. Ke2 b5 12. Bd3 Bb7 13. Bb2 Nbd7 14. Rhd1 Rfc8 15. Rac1 Nb6 16. Nb1 Nfd5 17. Bd4 Nc4 18. Nfd2 Nxd2 19. Nxd2 Rxc1 20. Rxc1 a5 21. Bxb5 axb4 22. axb4 Bxb4 {½-½ (22) So,W (2778)-Nakamura,H (2769) Paris 2018}) 8... Rxd8 9. Bxc4 {The position is equal.} a6 10. Be2 b5 11. O-O Bb7 12. Bd2 $146 ({Predecessor:} 12. b4 Be7 13. Bb2 Nbd7 14. Rfd1 Nb6 15. Rxd8+ Rxd8 {½-½ (30) Mirzoev,A (2555)-Galkin,A (2597) Konya 2010}) 12... Nbd7 {[%cal Bb8d7,Bd7b6,Bb6a4][%mdl 32]} 13. Rfd1 (13. b4 $5 {[%cal Rb4c5]} Be7 14. Rfd1 $15) 13... Be7 14. Nd4 Nb6 15. Be1 Rac8 16. Nb3 Nfd5 17. Na5 Ba8 18. Nxd5 Bxd5 19. Bc3 (19. b3 $11) 19... Na4 $1 $17 20. Bd4 {[#]} Bf6 (20... Nxb2 $1 $19 {[%mdl 512]} 21. Bxb2 Rc2 {[%mdl 64] Double Attack}) 21. Bxf6 $11 gxf6 22. b4 (22. Rd2 $11) 22... Nc3 $17 23. Re1 Nxe2+ 24. Rxe2 Rc3 25. e4 {Black must now prevent Rd2.} Bc4 26. Nxc4 Rxc4 $15 {[%mdl 4096] Endgame KRR-KRR} 27. f3 Rd3 28. Kf2 Kg7 29. Kg3 Rb3 30. a4 Rcxb4 31. axb5 axb5 32. Ra7 Rb2 (32... Kg6 {feels hotter.} 33. Ra8 h5 34. Rg8+ Kh7 35. Ra8 Rc4) 33. Rxb2 Rxb2 {KR-KR} 34. Rb7 b4 {[%cal Bb5b4,Bb4b3,Bb3b2][%mdl 32]} 35. h4 h5 {With the idea ...b3.} 36. Kh3 b3 37. g4 (37. Rb5 $11 {remains equal.}) 37... hxg4+ $1 $17 38. Kxg4 $2 {[%mdl 8192]} (38. fxg4 $17 Rb1 39. Rb8) 38... Rb1 39. Kg3 b2 {Hoping for ...Rg1+.} 40. Kg2 Kg6 41. Rb5 (41. Rb8 $19 f5 42. e5) 41... e5 {Black mates.} 42. Rb8 {[#]} f5 $1 {[%cal Rf5e4]} 43. Rb6+ f6 44. exf5+ Kxf5 45. h5 Kg5 46. h6 {[#]} Kg6 $1 {[%cal Rg6h7]} 47. Kh2 Kh7 {Accuracy: White = 29%, Black = 69%.} 0-1

[Event "GCT Saint Louis Blitz 2019"]
[Site "Saint Louis"]
[Date "2019.08.14"]
[Round "16"]
[White "Caruana, Fabiano"]
[Black "Karjakin, Sergey"]
[Result "0-1"]
[WhiteElo "2818"]
[BlackElo "2750"]
[Annotator "TA"]
[PlyCount "134"]
[EventDate "2019.08.13"]
[EventType "tourn"]
[EventCountry "USA"]
[SourceTitle "playchess.com"]
[Source "ChessBase"]
[SourceQuality "1"]

{[%evp 14,210,23,2,17,2,2,4,16,4,5,0,8,0,0,0,1,-19,-19,-20,-19,-22,-4,-21,-17,-13,-10,-19,-14,-10,-10,-22,0,-15,0,-14,-11,-16,0,-29,-14,-49,-36,-39,0,-30,0,-35,0,0,0,-9,-19,-47,-34,-75,0,-45,0,-22,-30,-32,18,11,34,29,60,45,52,45,50,49,64,58,67,71,61,57,127,59,61,63,70,0,0,0,0,0,0,-61,-75,-302,-320,-302,-275,-330,-330,-313,-320,-307,-302,-333,-330,-314,-299,-315,-306,-307,-298,-338,-317,-339,-339,-1188,-339,-521,-502,-856,-837,-909,-816,-930,-699,-930,-933,-910,-902,-895,-695,-744,-720,-704,-697,-876,-846,-790,-779,-1175,-1179,-1128,-1025,-6311,-6091,-29973,-29977,-29979,-29980,-29979,-29980,-29979,-4618,-29981,-29954,-6349,-6173,-4133,-2721,-2636,-1902,-1884,-1658,-2018,-1603,-2505,-1912,-29980,-29981,-29981,-29980,-29980,-29980,-29978,0,-29980,0,-29975,-48,-4332,-3258,-2632,-2570,-29975,-29977,-29978,-29980,-29982,-29983,-29983,-29984,-29984,-29982,-29982,-29981,-29983,-29984,-29984,-29985,-29993,-29994]} 1. e4 e5 2. Nf3 Nc6 3. Bc4 Bc5 4. c3 Nf6 5. d3 d6 6. O-O h6 7. Re1 O-O 8. h3 a6 {C54: Giuoco Piano: 4 c3 Nf6, main lines with 5 d4 and 5 d3} 9. a4 a5 10. Na3 Be6 {The position is equal.} 11. Bxe6 fxe6 12. Nc2 Bb6 13. Be3 Bxe3 14. Nxe3 Qd7 {[#]} 15. g3 $146 ({Predecessor:} 15. Qb3 b6 {½-½ (53) Aronian,L (2767)-Karjakin,S (2773) Saint Louis 2018}) 15... Rf7 16. Qe2 Raf8 17. Nd2 Kh7 18. h4 Qd8 19. Rf1 Nd7 20. Nb3 Kh8 21. Kg2 Nf6 22. Rh1 Nd7 23. Rhf1 Nf6 24. Rad1 Qa8 25. Nd2 Qd8 26. Nf3 Nd7 27. Nh2 Nc5 28. Qc2 Nd7 29. Nhg4 Qe7 30. b3 Rg8 31. Qe2 Nc5 32. Rb1 Rgf8 33. Nc4 {[%cal Be3c4,Bc4d2,Bd2f3][%mdl 32]} Qd8 34. Nd2 Qe7 (34... d5 $17) 35. Nh2 Qd8 36. Ndf3 Qa8 37. h5 Nd7 38. Nh4 {With the idea Ng6+.} Ne7 39. Ng4 Nf6 40. Nxf6 Rxf6 41. d4 exd4 42. cxd4 Qa7 43. Rbd1 Qb6 44. Rd3 Qc6 45. f3 Qe8 (45... b6 $14) 46. f4 (46. e5 $1 $16 {[%cal Re5f6]} dxe5 47. dxe5) 46... g5 47. hxg6 $1 Nxg6 48. Qg4 (48. Nxg6+ $14 Qxg6 49. Kf2) 48... Rg8 $11 {Hoping for ...Nxf4+!} 49. Nxg6+ $1 Rfxg6 50. Qe2 Rg4 51. Rh1 ({Better is} 51. Rdf3 $11) 51... Qg6 $36 {[%cal Rg4g3][%mdl 2048] Black is in control.} 52. Qf3 $2 {[#]} (52. Rh3 $17) 52... Rxg3+ $1 $19 {[%mdl 576] Deflection} 53. Qxg3 Qxe4+ 54. Rf3 Rxg3+ 55. Kxg3 {[%mdl 4096] Endgame KQ-KRR} Kg7 56. Rd1 Qg6+ 57. Kf2 Qc2+ 58. Ke1 Kf6 59. Rd2 Qe4+ 60. Kf2 h5 61. Rdd3 h4 62. Kg2 Qe1 63. Kh3 $2 (63. Rfe3 Qb1 64. d5 exd5 65. Rxd5) 63... Kf5 $2 (63... Qh1+ 64. Kg4 Qg2+ 65. Rg3 hxg3 66. Rxg3 Qd2) 64. Kh2 (64. Kg2 $142) 64... Kg4 65. Rde3 (65. Kg2 $142 Qe2+ 66. Kg1) 65... Qd2+ 66. Kh1 Qxd4 67. Kg2 Qd2+ {Played: Qd4-d5} 0-1

[Event "GCT Saint Louis Blitz 2019"]
[Site "Saint Louis"]
[Date "2019.08.14"]
[Round "16"]
[White "Ding, Liren"]
[Black "Mamedyarov, Shakhriyar"]
[Result "1/2-1/2"]
[WhiteElo "2805"]
[BlackElo "2764"]
[Annotator "TA"]
[PlyCount "59"]
[EventDate "2019.08.13"]
[EventType "tourn"]
[EventCountry "USA"]
[SourceTitle "playchess.com"]
[Source "ChessBase"]
[SourceQuality "1"]

{[%evp 9,59,14,23,31,24,23,34,30,32,24,32,31,22,27,42,42,39,49,97,34,50,52,48,41,48,49,79,48,79,12,93,29,23,18,29,19,26,19,20,12,12,14,14,16,19,0,14,14,13,14,18,18]} 1. d4 Nf6 2. c4 g6 3. Nc3 d5 4. cxd5 Nxd5 5. Bd2 Nb6 6. Bf4 {D85: Exchange Grünfeld: Unusual White 7th moves and lines with 7 Nf3} (6. e3 Bg7 7. f4 O-O 8. Nf3 c5 9. dxc5 N6d7 10. Ne4 Bxb2 11. Rb1 Bg7 12. Bc4 Na6 13. Bxa6 bxa6 {½-½ (29) Riazantsev,A (2650)-Svidler,P (2765) St Petersburg 2017}) 6... Bg7 7. Nf3 c5 8. dxc5 {White is slightly better.} Bxc3+ 9. bxc3 Qxd1+ 10. Rxd1 Na4 11. g3 Nd7 $146 ({Predecessor:} 11... Nxc5 12. Be3 b6 13. Bxc5 bxc5 14. Ne5 Bb7 {½-½ (60) Fridman,D (2642)-Leenhouts,K (2420) Belgium 2016}) 12. c6 bxc6 13. Bg2 $36 {[%mdl 2048] Black is under pressure.} Nxc3 {[#]} 14. Rd2 (14. Rxd7 $1 $16 {[%mdl 512] Black must now prevent Rd2.} Bxd7 15. Be5 {[%mdl 64] Double Attack}) 14... Nd5 15. Bh6 {[%mdl 1024] White has compensation.} f6 16. O-O N7b6 17. Rc1 Bd7 18. Nd4 {aiming for e4.} Rc8 {[#]} 19. e4 (19. Nb3 $1 $16) 19... Nb4 (19... c5 $11) 20. a3 (20. Nb3 $16 {Nc5 is the strong threat.} Na6 21. Bf1) 20... c5 $11 21. axb4 cxd4 22. Rxc8+ Bxc8 23. Rxd4 Kf7 {Strongly threatening ...g5.The position is equal.} 24. h4 Be6 25. Rd1 Rc8 26. Ra1 Rc4 27. b5 Ra4 28. Rxa4 Nxa4 29. Be3 Nc3 30. Bxa7 {Accuracy: White = 59%, Black = 63%.} 1/2-1/2

[Event "GCT Saint Louis Blitz 2019"]
[Site "Saint Louis"]
[Date "2019.08.14"]
[Round "16"]
[White "Dominguez Perez, Leinier"]
[Black "Carlsen, Magnus"]
[Result "1-0"]
[WhiteElo "2763"]
[BlackElo "2882"]
[Annotator "TA"]
[PlyCount "107"]
[EventDate "2019.08.13"]
[EventType "tourn"]
[EventCountry "USA"]
[SourceTitle "playchess.com"]
[Source "ChessBase"]
[SourceQuality "1"]

{[%evp 24,107,51,35,44,34,65,60,69,67,68,56,51,61,133,128,293,286,282,293,279,276,288,296,381,365,375,373,369,354,344,335,458,452,560,531,518,505,503,484,474,429,508,506,656,648,700,696,837,838,966,970,2089,2039,2131,1581,2224,1976,29964,29965,29966,29966,29973,29970,29964,29967,29966,29967,29961,29962,29956,76,29983,29984,29987,29981,29987,29988,29990,29991,29991,29992,29992,29993,29993,29993]} 1. e4 c5 2. Nf3 Nc6 3. d4 cxd4 4. Nxd4 Nf6 5. Nc3 e5 6. Ndb5 d6 7. Bg5 a6 8. Na3 b5 9. Nd5 Be7 10. Bxf6 Bxf6 11. c3 Ne7 12. Nxf6+ gxf6 13. Bd3 d5 {B33: Sicilian: Pelikan and Sveshnikov Variations} 14. Qe2 Bb7 (14... Be6 15. Nc2 Qb6 16. Ne3 Rd8 17. O-O Rg8 18. Rfd1 dxe4 19. Bxe4 f5 20. Rxd8+ Qxd8 21. Rd1 {½-½ (34) Blomqvist,E (2515)-Krasenkow,M (2612) Cappelle-la-Grande 2016}) 15. O-O-O Qb6 {White is slightly better.} 16. Nc2 O-O-O 17. exd5 Bxd5 18. Nb4 Be6 $146 {[#]} (18... Bb7 $14) ({Predecessor:} 18... Bb7 19. Be4 Bxe4 20. Qxe4 Qb7 21. Qe3 a5 {1-0 (33) Bulski,K (2400)-Pileckis,E (2233) Rewal 2006}) 19. Qf3 $1 $16 {[%cal Rf3a8] Black must now prevent Qa8+.} a5 $2 (19... Nd5 $16) 20. Qa8+ $18 Kc7 21. Na6+ Kd6 22. Be4+ Nd5 23. Rxd5+ Ke7 24. Rxd8 Rxd8 25. Qb7+ Qxb7 26. Bxb7 Bxa2 27. Rd1 Rg8 28. Nc5 f5 29. b3 a4 30. Kb2 Bxb3 31. Nxb3 axb3 32. Kxb3 {[%mdl 4096] Endgame KRB-KR} e4 33. g3 h5 34. Rd5 Kf6 35. Rxb5 h4 36. c4 hxg3 37. hxg3 e3 38. fxe3 Rxg3 39. Bc8 Rxe3+ 40. Kb4 Rf3 41. c5 Ke5 42. Rb7 f4 43. Rxf7 Rf1 44. Kb5 f3 45. Kc6 Kd4 46. Kd6 f2 47. Bg4 $2 (47. Ba6 {mates} Ra1 48. Rxf2 Rxa6+ 49. c6 Kd3 50. Kd7 Kd4 51. c7 Ra8 52. c8=Q Rxc8 53. Kxc8) 47... Ke3 $2 {[%mdl 8192] [#]} (47... Rc1 $16) 48. c6 {White mates.} Rg1 49. Bh3 Rh1 50. c7 Rxh3 51. c8=Q Rh6+ 52. Kc5 Rh5+ 53. Kc4 Rh4+ 54. Kb3 {Accuracy: White = 85%, Black = 21%.} 1-0

[Event "GCT Saint Louis Blitz 2019"]
[Site "Saint Louis"]
[Date "2019.08.14"]
[Round "16"]
[White "Yu, Yangyi"]
[Black "Vachier-Lagrave, Maxime"]
[Result "1-0"]
[WhiteElo "2752"]
[BlackElo "2778"]
[Annotator "TA"]
[PlyCount "63"]
[EventDate "2019.08.13"]
[EventType "tourn"]
[EventCountry "USA"]
[SourceTitle "playchess.com"]
[Source "ChessBase"]
[SourceQuality "1"]

{[%evp 12,63,0,0,0,0,0,0,18,0,0,0,0,0,0,0,21,-3,24,16,12,-106,-110,-114,87,63,260,266,244,269,266,253,254,254,270,242,246,256,338,331,324,327,366,179,544,537,587,550,5401,5252,29986,29978,29992,29993]} 1. d4 Nf6 2. c4 g6 3. Nc3 d5 4. Nf3 Bg7 5. Bf4 O-O 6. e3 c5 7. dxc5 {[%cal Rc4d5]} Ne4 {D93: Grünfeld: 4 Nf3 Bg7 5 Bf4 0-0 6 e3} 8. Rc1 Nd7 9. cxd5 Qa5 {[%cal Re4c3] The position is equal.} 10. Be2 (10. Nd4 {with more complications.} Nxc3 11. bxc3 Nxc5 12. Qc2 e5 13. dxe6 Bxe6 14. Be2) 10... Nxc3 11. bxc3 Bxc3+ 12. Kf1 Nxc5 13. h4 {[#]} Bf5 $146 ({Predecessor:} 13... Bd7 14. Kg1 Rac8 15. h5 {0-1 (40) Alekseenko,K (2554)-Wei,Y (2714) Moscow 2016}) 14. h5 Rfd8 15. hxg6 Bxg6 16. Ng5 (16. Nh4 $1 $11) 16... Bf6 $17 {Threatens to win with ...e5.} 17. Bh5 {next Nxh7! is good for White.} e5 $2 {[#]} (17... Qa6+ $17 {and life is bright.} 18. Be2 Qa3) 18. Nxh7 $1 $16 {[%mdl 512]} Qa6+ $2 ({Black should play} 18... Bxh7 $14 19. Bxf7+ Kxf7 20. Rxh7+ Kg8) 19. Be2 $18 Qd6 20. Nxf6+ Qxf6 21. Bxe5 (21. Rxc5 exf4 22. exf4 Rac8 $16) 21... Qxe5 22. Rxc5 Rac8 23. Rxc8 Rxc8 {[#]} 24. Rh4 $1 Be4 {and the idea ...Qb2 leaves Black hopeful.} 25. d6 Rd8 26. d7 Bf5 27. Rd4 (27. Rh5 $142 Qf6 28. g4 (28. Bb5 a6 $16) 28... Rxd7 29. Qa4) 27... Qe7 $2 (27... Qh2 28. Bf3 Qh1+ 29. Ke2 Qxd1+ 30. Rxd1 b6) 28. Bg4 Bg6 29. Qf3 Qc5 30. Qf6 Qa5 31. Kg1 Kh7 {[#]} 32. Bf5 $1 {[%mdl 512] Accuracy: White = 62%, Black = 31%.} 1-0

[Event "GCT Saint Louis Blitz 2019"]
[Site "Saint Louis"]
[Date "2019.08.14"]
[Round "16"]
[White "Rapport, Richard"]
[Black "Aronian, Levon"]
[Result "0-1"]
[WhiteElo "2747"]
[BlackElo "2765"]
[Annotator "TA"]
[PlyCount "52"]
[EventDate "2019.08.13"]
[EventType "tourn"]
[EventCountry "USA"]
[SourceTitle "playchess.com"]
[Source "ChessBase"]
[SourceQuality "1"]

{[%evp 9,104,17,22,27,29,29,27,28,26,12,14,4,18,-45,0,-60,-6,-40,-48,-47,-50,-56,-53,-51,-42,-32,0,0,0,0,0,0,0,0,0,-34,-34,-121,-122,-112,-123,-133,-124,-127,-125,-139,-137,-132,-140,-135,-132,-156,-156,-156,-141,-138,-130,-150,-107,-141,-143,-120,-103,-282,-284,-281,-239,-258,-255,-339,-341,-327,-306,-357,-343,-484,-481,-464,-450,-642,-669,-621,-626,-1132,-1029,-1418,-1386,-1163,-1112,-1446,-1369,-1968,-2081,-2098,-1970,-1730,-1528]} 1. d4 Nf6 2. Bg5 d5 3. e3 c5 4. c3 (4. Bxf6 gxf6 5. dxc5 e6 6. Nf3 Bxc5 7. Be2 O-O 8. O-O Nc6 9. c4 dxc4 10. Qa4 Nb4 11. Qb5 b6 12. Qxc4 f5 13. Rd1 Qf6 {½-½ (29) Shimanov,A (2613)-So,W (2762) chess.com INT 2019}) 4... cxd4 5. Bxf6 gxf6 6. cxd4 {D00: 1 d4 d5: Unusual lines} e6 7. Nc3 Nd7 {[%cal Bb8d7,Bd7f6,Bf6g4][%mdl 32]} 8. Bd3 {White has an edge.} f5 9. Nge2 Nf6 $146 ({Predecessor:} 9... a6 10. Nf4 Bd6 11. Qf3 Nf6 12. g3 Bd7 {0-1 (38) Iturbide Arnedo,O (2113)-Lalith,B (2529) Leiden 2012}) 10. Qb3 a6 11. O-O-O ({White should play} 11. O-O $11) 11... Bd7 12. Kb1 (12. Qxb7 $11 Rb8 13. Qa7 (13. Qxa6 Ra8 $11)) 12... Bc6 (12... b5 $15 13. Nf4 Bd6) 13. h3 h5 14. h4 Ng4 15. Rdf1 Bd6 16. g3 Qa5 17. Nf4 O-O-O 18. Be2 Kb8 19. Nd3 Rc8 {[%cal Bd8c8,Bc8c6,Bc6b6,Bb6b3][%mdl 32]} 20. Rc1 Bd7 21. a3 Rc6 22. Bxg4 fxg4 23. Ne5 (23. Na2 $15) 23... Bxe5 $1 $17 24. dxe5 Qc7 25. Na2 Qxe5 26. Nb4 {[#] Threatens to win with Rxc6.} Qe4+ {Played: Rc6-b6} 0-1